13º International congress on catalysis extended abstracts, questions and answers.
Guardado en:
| Autores Corporativos: | , , |
|---|---|
| Formato: | Electrónico |
| Idioma: | English |
| Publicado: |
Paris :
International Association of Catalysis (IACS),
2004.
|
| Materias: | |
| Etiquetas: |
Agregar Etiqueta
Sin Etiquetas, Sea el primero en etiquetar este registro!
|
| LEADER | 00921nmm a22002295a 4500 | ||
|---|---|---|---|
| 001 | EIQ.libpla000605 | ||
| 008 | 060330s2004####fr#########m########eng#d | ||
| 005 | 20071218172917.0 | ||
| 245 | 1 | 0 | |a 13º International congress on catalysis |h [recurso electrónico] : |b extended abstracts, questions and answers. |
| 256 | |a Datos electrónicos | ||
| 260 | |a Paris : |b International Association of Catalysis (IACS), |c 2004. | ||
| 300 | |a 1 CD-Rom ; |c 12 cm. | ||
| 111 | 2 | |a International congress on catalysis |n (13º : |d 2004 : |c Paris) | |
| 710 | 2 | |a International Association of Catalysis (IACS) | |
| 710 | 2 | |a Societé Francaise de Chimie. |b Catalysis Division. | |
| 246 | 1 | |a ICC | |
| 650 | 4 | |a Catálisis |x Congresos. | |
| 650 | 4 | |a Catálisis |x Preguntas y respuestas. | |
| 650 | 4 | |a Catalysis |x Congresses. | |
| 650 | 4 | |a Catalysis |x Questions and answers. | |
| 040 | |a AR-BbSID |b spa |c AR-BbSID | ||
| 859 | |a AR-BbSID |b BIB. PLAPIQUI |h 541.395 |i in 8 |p 5834 | ||
